Guess the mystery Hamilton Song - Statistics

General Stats
  • This quiz has been taken 197 times
  • The average score is 255 of 409
Answer Stats
Hint Answer % Correct
. a
96%
. I
92%
. i
92%
. the
84%
. The
84%
. (the
84%
. you
83%
. You
83%
. to
80%
. do
79%
. He
79%
. he
79%
. and
77%
. And
77%
. me
77%
. my
76%
. no
76%
. your
75%
. was
74%
. on
73%
. Who
73%
. who
73%
. is
72%
. it
72%
. what
72%
. of
71%
. tell
71%
. so
70%
. When
70%
. when
70%
. in
69%
. live
69%
. story
69%
. story)
69%
. story,
69%
. we
69%
. Alexander
68%
. tells
68%
. time
68%
. (Time)
68%
. dies
67%
. lives
67%
. have
66%
. (She
66%
. She
66%
. she
66%
. for
65%
. if
65%
. Let
63%
. they
63%
. young
63%
. Washington
62%
. you're
62%
. could
61%
. enough
61%
. Every
61%
. every
61%
. his
61%
. not
61%
. wish
61%
. Angelica
60%
. I'd
60%
. up
60%
. Will
60%
. done
59%
. (Eliza)
59%
. glory
59%
. get
58%
. our
58%
. dreamed
57%
. like
57%
. orphanage)
57%
. orphanage
57%
. out
57%
. write
57%
. control
56%
. grow
56%
. her
56%
. It's
56%
. Its
56%
. known
56%
. can
55%
. running
55%
. York
55%
. New
54%
. only
54%
. see
54%
. this
53%
. had
52%
. more
52%
. try
52%
. again
51%
. back
50%
. by
50%
. City
50%
. fifty
50%
. first
50%
. give
50%
. I'm
50%
. really
50%
. their
50%
. told
50%
. much
49%
. years
49%
. myself
48%
. soldier
48%
. tried
48%
. would
48%
. Jefferson
47%
. private
47%
. side
47%
. them
47%
. wait
47%
. work
47%
. all
46%
. another
46%
. father
46%
. founding
46%
. I'll
46%
. interview
46%
. Monument
46%
. name
46%
. other
46%
. raise
46%
. us
46%
. narrative
45%
. Oh
45%
. couldn't
44%
. eyes
44%
. him
44%
. old
44%
. put
44%
. can't
43%
. Church
43%
. funds
43%
. gets
43%
. I've
43%
. make
43%
. right
43%
. undo
43%
. buried
42%
. financial
42%
. gave
42%
. most
42%
. near
42%
. President
42%
. But
41%
. children
41%
. credit
41%
. fathers
41%
. matter
41%
. writing
41%
. DC
40%
. doesn't
40%
. genius
40%
. growing
40%
. needed
40%
. Madison
39%
. pages
39%
. proudest
39%
. rely
39%
. sense
39%
. speak
39%
. Trinity
39%
. alive
38%
. slavery
38%
. stop
38%
. wanted
38%
. from
37%
. gone
37%
. remembers
37%
. show
37%
. thousands
37%
. always
36%
. established
36%
. shes
36%
. system
36%
. tears
36%
. ask
35%
. hate
35%
. hundreds
35%
. keeps
35%
. against
34%
. Lord
34%
. wasting
34%
. While
34%
. country
33%
. flame
33%
. gives
32%
. into
31%
. prosperity
31%
. still
31%
. took
31%
. admit
30%
. helped
28%
. kindness
28%
. bankruptcy
27%
. fought
19%
. through
19%
No matching quizzes found
Score Distribution
Percent of People with Each Score
Percentile by Number Answered
Your Score History
You have not taken this quiz